84 personnages des Animaux Fantastiques - Statistiques

Statistiques générales
  • Ce quiz a été pris 21 fois
    18 depuis la dernière actualisation
  • Le résultat moyen est 19 sur 84
Statistiques - réponses
Par images Réponse % Correct
Norbert Dragonneau
100%
Porpentina Goldstein
100%
Albus Dumbledore
93%
Croyance Bellebosse
93%
Leta Lestrange
93%
Nicolas Flamel
86%
Gellert Grindelwald
79%
Jacob Kowalski
79%
Thésée Dragonneau
79%
Ariana Dumbledore
71%
Nagini
71%
Queenie Goldstein
71%
Abelforth Dumbledore
57%
Corvus Lestrange V
57%
Yusuf Kama
57%
Bunty Beauchamp
50%
Percival Graves
50%
Mary Lou Bellebosse
43%
Seraphina Picquery
43%
Abernathy
36%
Corvus Lestrange IV
36%
Eulalie Hicks
36%
Irma Dugard
36%
Frank
29%
Pickett
29%
Vicencia Santos
29%
Anton Vogel
21%
Bernadette
21%
Liu Tao
21%
Teddy
21%
Vinda Rosier
21%
Chasteté Bellebosse
14%
Edith
14%
Helmut
14%
Minerva McGonagall
14%
Modestie Bellebosse
14%
Timothée
14%
Albert
7%
Carrow
7%
Dougal
7%
Gnarlak
7%
Gunnar Grimmson
7%
Henrietta Fischer
7%
Henry Shaw Junior
7%
Henry Shaw Senior
7%
Krall
7%
Langdon Shaw
7%
Laurena Kama
7%
Otto Eduard
7%
Rouxi
7%
Ruby
7%
Skender
7%
Torque Travers
7%
Zabini
7%
Albert
0%
Antonio
0%
Arnold Guzman
0%
Barker
0%
Beryl
0%
Bingley
0%
Cassius Bell
0%
Clarisse Tremblay
0%
Emmi Ayehook
0%
Frank
0%
Hector Podmore
0%
Heinrich Eberstadt
0%
Henry
0%
Ida Webb
0%
Karl
0%
Krafft
0%
McClaggan
0%
McDuff
0%
Mélusine
0%
Mildred
0%
Momolu Wotorson
0%
Mustafa Kama
0%
Nagel
0%
Patrick
0%
Rudolph Spielman
0%
Sam
0%
Stanley
0%
Stebbins
0%
Victor
0%
Ya Zhou
0%
Aucun quiz correspondant
Distribution des résultats
% des personnes avec chaque résultat
Percentile par nombre de réponses
Votre historique - résultats
Vous n’avez pas pris ce quiz depuis la dernière actualisation